00403nam a2200181Ia 4500008004100000020001800041050001400059100001800073245001200091245001800103260001500121260001600136260000900152300001500161300002700176300001000203500000800213170918s9999 xx 000 0 und d a9780590275354 bL755 1994 aLing, Bettina aKites / cBettina Ling. aNew York : bScholastic, c1994 a16 pages : bcolored illustration ; c24cm. a280